1936 1615 1745 1536 1135 1016 1066 1022 1693 1265 1813 1390 1884 1482 1995 1936 1971 1869 1380 1495 1698 1383 1496 1171 1028 1850 1800 1079 1311 1239 1719 1235 1725 1404 1508 1620 1411 1970 1408 1095 1578 1276 1185 1060 1917 1803 1474 1324 1142 1302 1627 1857 1926 1945 1969 1771 1986 1924 1403 1669 1283 1955 1510 1956 1006 1303 1181 1671 1987 1441 1656 1501 1258 1813 1409 1981 1953 1450 1214 1115 1665 1854 1579 1953 1141 1521 1604 1439 1447 1523 1734 1549 1440 1149 1406 1874 1683 1917 1253 BCNSPRNW ULIB Ver.6.0+V

เปลี่ยนเป็นภาษาไทย

Change to English
 แสดงรายละเอียดบรรณานุกรม
  กลับหน้าหลัก

Brief Record : Get Marc (ISO 2709) : E-mail record : QR code < ปิดหน้าต่าง
LEADER : 00000nam 2200000uu 4500
001    13399124801
003     ULIB
008    160324s2016||||th 000 0 eng d
020    9781455772582
060 04 ^aWY150^bL132c V.2
100 1  ^aLaCharity, Linda A
245 10 ^aMedical-surgical nursing :^bpatient-centered collaborative care Vol.2/^cprepared by Linda A. LaCharity, Candice K. Kumagai.
246 14 ^aMedical-surgical nursing : patient-centered collaborative care
250    ^a8th ed.
260    ^aSt. Louis, Mo. :^bElsevier,^c2016.
300    ^a1110 pages ;^c28 cm.
650  0 ^aSurgical nursing^xStudy and teaching.
650  0 ^aPatient-centered health care^xStudy and teaching.
700 1  ^aKumagai, Candice K.
700 1  ^aIgnatavicius, Donna D.
700 1  ^aWorkman, M. Linda.
945    ^p3810^l0^i000350
999    ^aเกษร โพธิ์สุวรรณ
รายการนี้ยังไม่มีแท็ก
คุณยังไม่ได้ล็อกอิน คุณสามารถมีกิจกรรมร่วมกับเว็บไซต์ได้ แต่ต้องล็อกอินก่อน ::
  ล็อกอิน

รายการสื่อสารสนเทศ

ลำดับที่ ประเภท เลขเรียก/บาร์โค้ด สถานที่ สถานะ
1. Book การพยาบาล
Book การพยาบาล
WY150 L132c V.2 ฉ.1 
  Barcode: 000350
ห้องสมุดวิทยาเขตสวรรค์ประชารักษ์
►หนังสือทั่วไป
บนชั้น

รายการใกล้เคียง
    ผู้แต่ง [LaCharity, Linda A]

BibComment


ยังไม่เคยถูกคอมเมนท์

คอมเมนท์ทรัพยากรรายการนี้
  คอมเมนท์: Medicalsurgical ..


 Copyright 2026. Bcnsprnw @Library